| 000 | 01467nam a2200361 a 4500 | ||
|---|---|---|---|
| 001 | 54988 | ||
| 003 | BD-RJUL | ||
| 005 | 20211209080211.0 | ||
| 008 | 161113s2006 enkb 000 0 eng | ||
| 020 | _a9781403933386 (pbk) | ||
| 020 | _a1403933383 (pbk.) | ||
| 035 | _aBD-RJUL 55110 | ||
| 040 |
_aDLC _cDLC _dSTF _dBAKER _beng |
||
| 041 | _aeng | ||
| 082 | 0 | 0 |
_a909.82 _222 _bDOC 2006 |
| 100 | 1 |
_aDockrill, M. L. _q(Michael L.) _9163952 |
|
| 245 | 1 | 4 |
_aThe Cold War, 1945-1991 / _cMichael L. Dockrill and Michael F. Hopkins. |
| 250 | _a2nd ed. | ||
| 260 |
_aBasingstoke : _bPalgrave Macmillian, _c2006. |
||
| 300 |
_axvi, 188 p. : _bill. ; _c22 cm. |
||
| 490 | 1 | _aStudies in European history | |
| 500 | _aRev. ed. of: The Cold War, 1945-1963. | ||
| 504 | _aIncludes bibliographical references (p. 170-178) and index. | ||
| 650 | 0 |
_aCold War. _9129302 _v20th century |
|
| 700 | 1 |
_aHopkins, Michael F. _q(Michael Francis), _d1953- _9163953 |
|
| 700 | 1 |
_aDockrill, M. L. _q(Michael L.). _tCold War, 1945-1963. _9163954 |
|
| 830 | 0 |
_aStudies in European history (Basingstoke, England) _9164170 |
|
| 856 | 4 | 2 |
_3Contributor biographical information _uhttp://www.loc.gov/catdir/enhancements/fy0625/2005055290-b.html |
| 856 | 4 | 2 |
_3Publisher description _uhttp://www.loc.gov/catdir/enhancements/fy0625/2005055290-d.html |
| 856 | 4 | 1 |
_3Table of contents _uhttp://www.loc.gov/catdir/enhancements/fy0625/2005055290-t.html |
| 942 |
_2ddc _cBK |
||
| 999 |
_c54988 _d54988 |
||